Conceptos de espacio

Saved in:
Bibliografiske detaljer
Hovedforfatter: Jammer, Max (Author)
Format: Bog
Sprog:spansk
Udgivet: Ciudad de México Grijalbo 1970
Serier:Dina
Fag:
Tags: Tilføj Tag
Ingen Tags, Vær først til at tagge denne postø!

MARC

LEADER 00000nam a2200000 a 4500
001 UCH2952
003 CL-VaPUC
008 090709e19700000MX |||||||||||||||||spa|d
082 0 4 |a 530.1  |b JAM  |2 21 
100 |a Jammer, Max  |e author  |9 564134 
245 1 0 |a Conceptos de espacio 
300 |a 241 p 
942 |c BK 
945 |d 20090709 00:00:00  |a rbrito 
260 |a Ciudad de México  |b Grijalbo  |c 1970 
650 0 |a Espacio  |9 336785 
650 0 |a Física   |9 227844 
650 0 |a Filosofía de las ciencias  |9 256466 
583 |a last modification  |c 20121002 09:19:54  |k Rodrigo Vera 
490 0 |a Dina 
999 |c 334611  |d 334609 
952 |0 0  |1 0  |4 0  |6 530_100000000000000_JAM_1970  |7 0  |8 A  |9 423723  |a BIBCUR  |b BIBCUR  |d 2019-11-22  |i 4528654  |o 530.1 JAM 1970  |p 4528654  |r 2025-04-22  |w 2019-11-22  |y BK  |k FIS